000 00334nam a22000977a 4500
008 150326b xxu||||| |||| 00| 0 eng d
020 _a9780898716610
_cAvailable
082 _2Second Edition
_a519.72GRI
_b002818
245 _aLinear and Nonlinear Optimization
_cGriva Igor
260 _aUSA
_bSociety for Industrial and Applied Mathematics
_c2009
999 _c24755
_d24755